|
|
|
|
| LEADER |
00556cam a2200145 7i4500 |
| 001 |
0000025590 |
| 005 |
20110105090000.0 |
| 090 |
0 |
0 |
|a CD 338.7025
|b MAL (M)
|
| 245 |
0 |
0 |
|a Malaysia business link directory 2007/ 2008.
|
| 260 |
0 |
0 |
|a Subang Jaya, Selangor:
|b Business Link Communication,
|c 2008.
|
| 300 |
# |
# |
|a Electronic computer optical disc (CD- ROM).
|
| 650 |
0 |
0 |
|a Business --
|x Directories --
|z Malaysia
|
| 651 |
0 |
0 |
|a Malaysia
|
| 999 |
|
|
|a CDR000994H
|b CD-ROM
|c AV Collection
|e Business Information Centre
|
| 999 |
|
|
|a CDR000993H
|b CD-ROM
|c AV Collection
|e Business Information Centre
|